| 000 | 00575nam a2200181Ia 4500 | ||
|---|---|---|---|
| 003 | IN-BaIIA | ||
| 008 | 211028s9999 xx 000 0 eng d | ||
| 020 | _a0-935702-02-4 | ||
| 040 | _cIIA Library | ||
| 080 |
_a52-37 _bGOL |
||
| 100 |
_aGoldsmith, Donald _99387 |
||
| 245 | 4 |
_aThe quest for extraterrestrial life _ba book of readings _cDonald Goldsmith |
|
| 260 |
_aCalifornia _bUniversity Science _c1980 |
||
| 300 | _aviii, 308p. | ||
| 650 | _aAstronomy and astrophysics thesaurus | ||
| 650 |
_aOrigin of life _93519 |
||
| 942 | _cBK | ||
| 999 |
_c7176 _d7176 |
||